[Event "Mexican op 70th"]
[Site "Mexico City"]
[Date "2025.04.18"]
[Round "7"]
[White "Morlett Ovalle, Cris Sebastian"]
[Black "Duarte Barahona, Raul Alejandro"]
[Result "0-1"]
[WhiteElo "1976"]
[BlackElo "2256"]
[PlyCount "80"]
[EventDate "2025.04.14"]
[EventType "swiss"]
[EventRounds "9"]
[EventCountry "MEX"]
[SourceTitle "CB17_2025"]
[SourceDate "2025.04.23"]
[SourceVersion "1"]
[SourceVersionDate "2025.04.23"]
[SourceQuality "1"]

1. d4 c5 2. d5 d6 3. c4 g6 4. Nc3 Bg7 5. e4 Nf6 6. Be2 0-0 7. h3 e6 8. Nf3 exd5 9. cxd5 Re8 10. Qc2 Na6 11. 0-0 Nc7 12. a4 Qe7 13. Bd3 Na6 14. Re1 Nb4 15. Qb1 a6 16. Bg5 Qc7 17. Nd2 Nd7 18. Bf1 h6 19. Bh4 g5 20. Bg3 Ne5 21. Ra3 Bd7 22. f4 gxf4 23. Bxf4 Ng6 24. Be3 Re7 25. Ne2 Rae8 26. Ng3 Qd8 27. Kh1 Re5 28. Nc4 Qe7 29. Bd2 Nh4 30. Qd1 b5 31. Nxe5 Qxe5 32. Nh5 Qxb2 33. Rg3 Ng6 34. Bc3 Bxc3 35. Ree3 Qa1 36. Qf3 Be5 37. Re1 Qxe1 38. Rxg6+ fxg6 39. Nf6+ Bxf6 40. Qxf6 Qg3 0-1

[Event "Mexican op 70th"]
[Site "Mexico City"]
[Date "2025.04.15"]
[Round "2"]
[White "Lopez Raygoza, Luis Alberto"]
[Black "Morlett Ovalle, Cris Sebastian"]
[Result "1-0"]
[WhiteElo "2243"]
[BlackElo "1976"]
[PlyCount "81"]
[EventDate "2025.04.14"]
[EventType "swiss"]
[EventRounds "9"]
[EventCountry "MEX"]
[SourceTitle "CB17_2025"]
[SourceDate "2025.04.23"]
[SourceVersion "1"]
[SourceVersionDate "2025.04.23"]
[SourceQuality "1"]

1. e4 c6 2. Nf3 d5 3. exd5 cxd5 4. Ne5 Nc6 5. Bb5 Bd7 6. Nxd7 Qxd7 7. d4 Nf6 8. c3 a6 9. Bd3 e6 10. Nd2 Bd6 11. Nf3 h6 12. Qe2 Qc7 13. 0-0 0-0 14. Re1 b5 15. a3 Na5 16. Bc2 Rfe8 17. Ne5 Nc4 18. Bd3 Bf8 19. Bf4 Nd6 20. a4 Qb7 21. Ng4 Nxg4 22. Qxg4 f5 23. Qg3 Nf7 24. axb5 axb5 25. Rxa8 Qxa8 26. Bxb5 Re7 27. Bf1 Kh7 28. h4 g6 29. Qd3 g5 30. hxg5 hxg5 31. Bh2 Qc6 32. g4 Nh6 33. Bh3 Qd7 34. Re5 Rf7 35. gxf5 Nxf5 36. Qe2 Rf6 37. Rxe6 Bg7 38. Rxf6 Bxf6 39. Be5 Kg6 40. Bxf6 Kxf6 41. Qe5+ 1-0